000 00580ntaaa2200193 4500
003 01
005 20251027202247.0
008 0714s1973 ag 01
040 _aAR-BaBN
_bspa
_cAR-BaBN
_eaacr
_dRIC
082 _a268.4320 L87
100 _aLooney, Myrtle Owens
_920878
245 _aGuiding junior boys and girls in the sunday school
250 _a1 ed.
260 _aNashville :
_bSunday School Board of the Southern Baptist Convention,
_cc1936
300 _a130 p
500 _aPrimarios en la escuela dominical
650 _aprimarios-escuela dominical
_920717
942 _cBK
999 _c17397
_d17397